UBT Library

EIGHT MYTHS OF STUDENT DISENGAGEMENT (Record no. 59588)

000 -LEADER
fixed length control field 00330nam a22001457a 4500
008 - FIXED-LENGTH DATA ELEMENTS--GENERAL INFORMATION
fixed length control field 230418b ||||| |||| 00| 0 eng d
020 ## - INTERNATIONAL STANDARD BOOK NUMBER
International Standard Book Number 9781452271880
041 ## - LANGUAGE CODE
Language code of text/sound track or separate title eng
080 ## - UNIVERSAL DECIMAL CLASSIFICATION NUMBER
Universal Decimal Classification number 37
082 ## - DEWEY DECIMAL CLASSIFICATION NUMBER
Classification number 37FRE
100 ## - Rafti
Rafti 24
101 ## - Shkurtesa
Shkurtesa EDU
245 ## - TITLE STATEMENT
Title EIGHT MYTHS OF STUDENT DISENGAGEMENT
Statement of responsibility, etc FREDRICKS.A.J
942 ## - ADDED ENTRY ELEMENTS (KOHA)
Source of classification or shelving scheme
Item type Books
Holdings
Withdrawn status Lost status Source of classification or shelving scheme Damaged status Not for loan Collection code Permanent location Current location Date acquired Total Checkouts Full call number Barcode Date last seen Price effective from Koha item type
          Koleksioni i përgjithshem UBT - Lipjan UBT - Lipjan 04/18/2023   37FRE 002-80007019 04/18/2023 04/18/2023 Books
UBT Library © 2015-2024. All rights reserved University Education for Business and Technology